000 00532nam a2200205 a 4500
001 BRCA_7181
005 20190320205736.0
008 130112s1944----nyu#######---#000-0#eng-#
041 _ager
044 _agw
050 4 _aPZ3 .B385
_b.Ho 1944
100 1 _aBaum, Vicki
_d1888-1960
_917802
245 1 0 _aHotel Berlin ยด43
_cVicki Baum.
260 _aGarden City, Nueva York
_bDoublebay, Doran
_c1944
300 _a240 p.
_c21 cm.
500 _aP71
650 1 4 _aLiteratura estadounidense
_917803
902 _aGFM
942 _2lcc
_cB
999 _c6862
_d6862